Statistics for Name a Valid Word #5

Click here to take the quiz!

General Stats

  • This quiz has been taken 15,888 times
  • The average score is 12 of 17

Answer Stats

CriteriaWords% Correct
Is an animal, ends in KEYdonkey | monkey | turkey
98%
Four letters, ends in LFcalf | golf | gulf | half | pelf | self | wolf
84%
Fours letters, is an animal, starts with Ffawn | fish | flea | foal | fowl | frog | fugu
79%
Six letters, starts with IGigloos | ignite | ignore | iguana
79%
Is an animal, starts with a double letteraardvark | eel | llama
77%
Four letters, starts and ends with Ggang | gong | grog
76%
A spelled-out number, ends in Dhundred | thousand
76%
Eight letters, starts with PARAparables | parabola | paradigm | paradise |
paraffin | paragons | parakeet | parallax | parallel | paralyze |
paramour | paranoid | others...
71%
Eight letters, starts with HIGHhighball | highborn | highbrow | highland | highways | others...
69%
Three letters, is the name of a Greek letterchi | eta | rho | phi | psi | tau
65%
Ends in H, is a deadly sinsloth | wrath
65%
Five letters, is a palindrome
civic | kayak | level | madam | minim | radar | refer |
rotor | sagas | sexes | shahs | solos | stats | stets | tenet
60%
Two syllables, rhymes with CHICKENquicken | sicken | stricken | thicken
60%
Eight letters, ends with BONEbackbone | shinbone | tailbone | trombone | wishbone
57%
Five letters, starts and ends with E
eagle | eerie | elate | elite | elope | elude | emote | erase |
erode | etude | evade | evoke | exile | exude | others...
56%
Seven letters, ends in IFFbailiff | caitiff | mastiff | midriff | pontiff | sheriff
49%
Six letters, starts and ends in Mmagnum | mayhem | medium | museum | others ...
37%

Score Distribution

Percentile by Number Answered

Percent of People with Each Score

Your Score History

You have not taken this quiz